<?xml version="1.0" encoding="UTF-8"?>
<collection xmlns="http://www.loc.gov/MARC21/slim">
 <record>
  <leader>00763pamaa2200205   4500</leader>
  <controlfield tag="001">0000045295</controlfield>
  <controlfield tag="005">20090612090000.0</controlfield>
  <controlfield tag="008">090612                             eng  </controlfield>
  <datafield tag="020" ind1="0" ind2="0">
   <subfield code="a">9781554072989 / 1554072980 </subfield>
  </datafield>
  <datafield tag="090" ind1="0" ind2="0">
   <subfield code="a">TR786 </subfield>
   <subfield code="b">PEA 2007</subfield>
  </datafield>
  <datafield tag="100" ind1="1" ind2="0">
   <subfield code="a">Pearce </subfield>
  </datafield>
  <datafield tag="245" ind1="1" ind2="0">
   <subfield code="a">Earth then and now : </subfield>
   <subfield code="b">amazing images of our changing world  </subfield>
   <subfield code="c">Fred Pearce.</subfield>
  </datafield>
  <datafield tag="260" ind1="0" ind2="0">
   <subfield code="a">Buffalo, N.Y.: </subfield>
   <subfield code="b">Firefly Books, </subfield>
   <subfield code="c">2007.</subfield>
  </datafield>
  <datafield tag="300" ind1=" " ind2=" ">
   <subfield code="a">288 p.: </subfield>
   <subfield code="b">ill. (chiefly col.), maps, ports.; </subfield>
   <subfield code="c">29 cm.</subfield>
  </datafield>
  <datafield tag="500" ind1="0" ind2="0">
   <subfield code="a">Includes index</subfield>
  </datafield>
  <datafield tag="650" ind1="0" ind2="0">
   <subfield code="a">Photography in geography </subfield>
  </datafield>
  <datafield tag="650" ind1="0" ind2="0">
   <subfield code="a">Nature -- </subfield>
   <subfield code="x">Effect of human beings on -- </subfield>
   <subfield code="x">Pictorial works </subfield>
  </datafield>
  <datafield tag="650" ind1="0" ind2="0">
   <subfield code="a">Human geography -- </subfield>
   <subfield code="x">Pictorial works </subfield>
  </datafield>
  <datafield tag="650" ind1="0" ind2="0">
   <subfield code="a">Global environmental change -- </subfield>
   <subfield code="x">Pictorial works </subfield>
  </datafield>
  <datafield tag="650" ind1="0" ind2="0">
   <subfield code="a">Earth -- </subfield>
   <subfield code="x">Pictorial works </subfield>
  </datafield>
 </record>
</collection>
